000 00631nam a22002057a 4500
003 BUBTL
008 230110b ||||| |||| 00| 0 eng d
020 _a9789840422050
082 _a954.92/ H2733m/ 2021
100 _95159
_aHasina, Sheikh
245 _aMy Father My Bangladesh /
_c Sheikh Hasina
250 _a1st Edn
260 _aDhaka:
_bAgamee Prakashani,
_cc2021
300 _a72 p.:
_c22 cm.
505 _aMy Father My Bangladesh, Bangabandhu, Sheikh Hasina, Sheikh Mujibur Rahman
650 0 _94372
_aBangabandhu
856 _k0
_l0
_yDownload
942 _2ddc
_cBK
999 _c6914
_d6914